000 01161nam0a22003131 4500
001 rc\4607661
005 20260406101121.0
021 _aRU
_b[64-2622]
035 _a(NLR Aleph) 008669337
090 _a9110360
_c9110360
100 _a20130416d1964 u y0rusy50 ca
101 0 _arus
102 _aRU
105 _aa z |||||
200 1 _aОружейная палата
_f[Науч. ред. В.Н. Иванов]
210 _aМосква
_cМоск. рабочий
_d1964
215 _a343 с., 8 л. ил.
_cил.
_d24
300 _aАвт. разделов: Н.Н. Захаров, Н.В. Гордеев, Л.В. Писарская и др.
606 _aОружейная палата
_yМосква
_2psbo
701 1 _7ca
_8rus
_aЗахаров
_bН. Н.
_cмузеевед
_f1901-1991
_gНиколай Никитович
_92696108
_3RU\NLR\AUTH\770289665
701 1 _aГордеев
_bН. В.
701 1 _aПисарская
_bЛ. В.
702 1 _aИванов
_bВ. Н.
_gВладимир Николаевич
_4340
801 0 _aRU
_bNLR
_gpsbo
801 1 _aRU
_bELAR
_2rusmarc
852 _aNLR
_j64-5/769
942 _cBOOK
980 _aNB